01467cam a2200409 a 4500999001700000001001400017005001700031008004100048020002700089035004100116035002600157035002800183040003400211041001300245044001100258072006300269080002100332080001800353080001600371100003900387240002500426245014100451250001200592260002700604300001800631650002100649650003100670650002700701650004100728655003000769655003100799655002500830655004500855700003500900958000700935952011500942 c23918d23918vtls01051913020250922092609.0240314s2013 xo gr 0 000 cze  a9788081111464q(viaz.) a8A906953-CFCC-42FC-B2EB-784DF8994E95 aurn:nbn:sk:snk-amjyqi aurn:nbn:sk:snk-am0084bq aSVKBBbslocSVKBBaSNKeAACR21 aczeheng axocSK 7a159.96xZvláštne duševné stavy a procesy2konspekt a159.963.3822001 a(0.064)22001 a(035)220011 aLennox, Michael,d1963-4aut9478110aDream SightlČesky10aŘeč snůbsnář s výkladovým průvodcemcMichael Lennox ; [z anglického originálu ... přeložila Ivana Sovišová] a1. vyd. aBratislavabNoxic2013 a365 s.c22 cm07asny2SNKPH9478207avýklad snov2SNKPH9478307aDreams2SNKPHeng9478407aDream interpretation2SNKPHeng94785 7apríručky2SNKPH91541 7aDream book2SNKPHeng94786 7asnáre2SNKPH94787 7aHandbooks, manuals, etc.2SNKPHeng916301 aSovišová, Ivana4trl94788 aOP 00102udc40708Da10000b10000d2025-09-22i22274l1oS1572pS1572r2026-06-03s2026-05-26w2025-09-22yOLDO